Time Span Between Country's Eurovision Debut and First Win From Smallest to Largest - Statistics

General Stats
  • This quiz has been taken 259 times
  • The average score is 26 of 27
Answer Stats
Debut Year First Win Year Time Span Answer % Correct
1964 2017 53 Portugal
99%
1994 2008 14 Russia
99%
1956 1958 2 France
98%
1958 1974 16 Sweden
98%
1961 2006 45 Finland
97%
1956 1957 1 Netherlands
97%
1961 1968 7 Spain
97%
1956 1956 0 Switzerland
97%
2003 2004 1 Ukraine
97%
1956 1986 30 Belgium
96%
1974 2005 31 Greece
96%
1960 1985 25 Norway
96%
1957 1966 9 Austria
95%
1994 2001 7 Estonia
95%
1956 1982 26 Germany
95%
1965 1970 5 Ireland
95%
1956 1964 8 Italy
95%
2000 2002 2 Latvia
95%
1956 1961 5 Luxembourg
95%
2007 2007 0 Serbia
95%
1975 2003 28 Turkey
95%
1957 1963 6 Denmark
94%
1973 1978 5 Israel
94%
2008 2011 3 Azerbaijan
93%
1959 1971 12 Monaco
92%
1961 1989 28 Yugoslavia
89%
1957 1967 10 United Kingdom
84%
No matching quizzes found
Score Distribution
Percent of People with Each Score
Percentile by Number Answered
Your Score History
You have not taken this quiz